Jak dobrze znasz współczesnych piłkarzy? - Statystyki

Ogólne statystyki
  • Ten quiz został rozwiązany 550 razy
  • Średni wynik to 10 z 15
Statystyki odpowiedzi
Opis Piłkarz % Poprawnych
Polski zawodnik,w zimę przeszedł z Sampdorii do Fortuny Dusseldorf Kownacki
84%
Portugalski napastnnik Lokomotivu Moskwa,strzelił bramkę na wagę Mistrzostwa Europy dla Portugalii w 2016 roku Eder
83%
Niemiecki bramkarz,głównie kojarzony z tym że w bardzo ważnym meczu popełnił 2 karygodne błędy Karius
83%
Nowy nabytek Bayernu,Francuz,strzelił jedną z najładniejszych bramek na MŚ 2018 Pavard
80%
Gra w jednym z najlepszych klubów na świecie,ma zaledwie 18 lat,a kosztował 45 mln,Brazylijczyk Vinicius
80%
Zawodnik grający w klubie z Leverkusen,odkrycie tego sezonu Bundesligi,ma na imię Kai Havertz
78%
Prawy obrońca Lecha Poznań,jeden z najlepiej zapowiadających się Polaków Gumny
71%
Bramkarz,prześmiewczo nazywany trenerem przez śmieszny incydent który wydarzył się w 2019 woku Kepa
69%
Zawodnik BVB,niechciany w Barcelonie,dobra forma w Borussi,Hiszpan Alcacer
68%
Należy do niego rekord ligi w której gra,strzelił bramkę w 11 meczach z rzędu,a w tym sezonie jego drużyna sensacyjnie wygrała tę ligę Vardy
61%
Zawodnik który tak strzelił karnego że dzięki temu Polska przeszła do ćwierćfinału ME,pomocnik jednego z londyńskich klubów Xhaka
60%
Francuski zawodnik pochodzenia algierskiego,gracz ligi francuskiej,w poprzednim okienku łączony z LFC,kapitan swojej drużyny Fekir
52%
Skrzydłowy jednego z najlepszych włoskich klubów,przeszedł tam w 2013 r. z madryckiego klubu Callejon
42%
Argentyńczyk,który niedawno został wykupiony z PSG do hiszpańskiego klubu,pomocnik Lo Celso
41%
Francuz grający w La Lidze,przeszedł tam w 2018 roku,za dużą kwotę,jak na razie duże rozczarowanie Lemar
21%
Nie znaleziono quizów pasujących do podanych kryteriów
Rozkład punktacji
Procent ludzi z każdym wynikiem
Percentyl według liczby udzielonych odpowiedzi
Twoja historia wyników
Nie rozwiązałeś tego quizu